<?xml version="1.0" encoding="UTF-8"?>
<record
    xmlns:xsi="http://www.w3.org/2001/XMLSchema-instance"
    xsi:schemaLocation="http://www.loc.gov/MARC21/slim http://www.loc.gov/standards/marcxml/schema/MARC21slim.xsd"
    xmlns="http://www.loc.gov/MARC21/slim">

  <leader>01140nam a2200313 a 4500</leader>
  <controlfield tag="003">CO-ViMGA</controlfield>
  <controlfield tag="005">20230915233127.0</controlfield>
  <controlfield tag="008">141009s2014    ck     gr     0001f spa d</controlfield>
  <datafield tag="020" ind1=" " ind2=" ">
    <subfield code="a">9789588820422</subfield>
  </datafield>
  <datafield tag="040" ind1=" " ind2=" ">
    <subfield code="a">CO-ViMGA</subfield>
    <subfield code="b">spa</subfield>
    <subfield code="c">CO-ViMGA</subfield>
  </datafield>
  <datafield tag="041" ind1="1" ind2=" ">
    <subfield code="h">eng</subfield>
  </datafield>
  <datafield tag="043" ind1=" " ind2=" ">
    <subfield code="a">u-at---</subfield>
  </datafield>
  <datafield tag="082" ind1="0" ind2="4">
    <subfield code="a">823.91</subfield>
    <subfield code="b">Z87l2 </subfield>
    <subfield code="2">19</subfield>
  </datafield>
  <datafield tag="100" ind1="1" ind2=" ">
    <subfield code="a">Zusak, Markuz, </subfield>
    <subfield code="d">1975-</subfield>
    <subfield code="9">3068</subfield>
  </datafield>
  <datafield tag="245" ind1="1" ind2="0">
    <subfield code="a">Ladrona de libros / </subfield>
    <subfield code="c">Markuz Zusak ; traducci&#xF3;n de Laura Mart&#xED;n de Dios.</subfield>
  </datafield>
  <datafield tag="250" ind1=" " ind2=" ">
    <subfield code="a">Tercera reimpresi&#xF3;n.</subfield>
  </datafield>
  <datafield tag="260" ind1=" " ind2=" ">
    <subfield code="a">Bogot&#xE1; : </subfield>
    <subfield code="b">Penguin Random House Mondadori Grupo Editorial, </subfield>
    <subfield code="c">2014.</subfield>
  </datafield>
  <datafield tag="300" ind1=" " ind2=" ">
    <subfield code="a">539 p&#xE1;ginas ; </subfield>
    <subfield code="c">19 cm.</subfield>
  </datafield>
  <datafield tag="490" ind1="1" ind2=" ">
    <subfield code="a">Debolsillo</subfield>
  </datafield>
  <datafield tag="534" ind1=" " ind2=" ">
    <subfield code="p">T&#xED;tulo original : </subfield>
    <subfield code="t">The book thief.</subfield>
  </datafield>
  <datafield tag="650" ind1="1" ind2="4">
    <subfield code="a">Guerra Mundial II, 1939-1945</subfield>
    <subfield code="x"> Jud&#xED;os</subfield>
    <subfield code="x"> Rescate</subfield>
    <subfield code="v"> Novela juvenil.</subfield>
    <subfield code="9">3074</subfield>
  </datafield>
  <datafield tag="650" ind1="1" ind2="4">
    <subfield code="a">Jud&#xED;os</subfield>
    <subfield code="z"> Alemania</subfield>
    <subfield code="y"> 1933-1945</subfield>
    <subfield code="v"> Novela juvenil.</subfield>
    <subfield code="9">3069</subfield>
  </datafield>
  <datafield tag="650" ind1="1" ind2="4">
    <subfield code="a">Libros y lectura</subfield>
    <subfield code="v"> Novela juvenil.</subfield>
    <subfield code="9">3071</subfield>
  </datafield>
  <datafield tag="650" ind1="1" ind2="4">
    <subfield code="a">Nacionalsocialismo</subfield>
    <subfield code="v"> Novela juvenil.</subfield>
    <subfield code="9">3073</subfield>
  </datafield>
  <datafield tag="650" ind1="1" ind2="4">
    <subfield code="a">Ni&#xF1;as</subfield>
    <subfield code="v"> Novela juvenil.</subfield>
    <subfield code="9">3072</subfield>
  </datafield>
  <datafield tag="650" ind1="1" ind2="4">
    <subfield code="a">Novela juvenil australiana.</subfield>
    <subfield code="9">3070</subfield>
  </datafield>
  <datafield tag="700" ind1="1" ind2=" ">
    <subfield code="a">Mart&#xED;n de Dios, Laura, </subfield>
    <subfield code="e">traductora.</subfield>
    <subfield code="9">3075</subfield>
  </datafield>
  <datafield tag="942" ind1=" " ind2=" ">
    <subfield code="2">ddc</subfield>
    <subfield code="c">BK</subfield>
  </datafield>
  <datafield tag="999" ind1=" " ind2=" ">
    <subfield code="c">6909</subfield>
    <subfield code="d">6909</subfield>
  </datafield>
  <datafield tag="952" ind1=" " ind2=" ">
    <subfield code="0">1</subfield>
    <subfield code="1">0</subfield>
    <subfield code="2">ddc</subfield>
    <subfield code="4">1</subfield>
    <subfield code="7">0</subfield>
    <subfield code="8">003</subfield>
    <subfield code="a">MEVIECAR</subfield>
    <subfield code="b">MEVIECAR</subfield>
    <subfield code="d">2016-04-15</subfield>
    <subfield code="l">2</subfield>
    <subfield code="m">1</subfield>
    <subfield code="o">823.91 Z87l2 </subfield>
    <subfield code="p">29880</subfield>
    <subfield code="r">2016-10-28 00:00:00</subfield>
    <subfield code="s">2016-10-18</subfield>
    <subfield code="t">Ej. 1</subfield>
    <subfield code="w">2016-04-15</subfield>
    <subfield code="y">BK</subfield>
  </datafield>
</record>
